00251nam a2200085Ia 4500008004100000041000800041100002200049245006300071260003100134241105s9999 xx 000 0 und d aeng aHurpade Pratiksha aLandscae Master Plan Proposal For Mahalaxmi Park Auroville bBNCA M Arch LA, Punec2020